000 00792nam a2200253 i 4500
001 134874
003 ES-MaACL
005 20230906194748.0
007 t|
008 070702s1911 it ||||1| ita d
080 _a003.341.072
080 _a003.344.072
100 1 _aThompson, Edward Maude.
_9110079
245 1 0 _aPaleografia greca e latina /
_cEdward Maude Thompson ; traduzione dall'inglese con aggiunte e note di Giuseppe Fumagalli.
260 _aMilano :
_b[Allegretti],
_c1911.
300 _aXI, 208 p. :
_bil. ;
_c15 cm.
490 1 _aManuali Hoepli
650 1 4 _aPaleografía griega.
_915805
650 1 4 _aPaleografía latina.
_915806
700 1 _aFumagalli, Giuseppe.
_953017
830 0 _aManuali Hoepli
_9180782
852 _aES-MaACL
_jD-4269
999 _c134874
_d134874